|
|
|
|
| LEADER |
01388nam a2200385Ia 4500 |
| 001 |
EBC481013 |
| 003 |
MiAaPQ |
| 005 |
20200520144314.0 |
| 006 |
m o d | |
| 007 |
cr cn||||||||| |
| 008 |
090618s2010 nyu s 000 0 eng d |
| 010 |
|
|
|z 2009024938
|
| 020 |
|
|
|z 9780415371087 (hardback)
|
| 020 |
|
|
|z 9780415371094 (pbk.)
|
| 020 |
|
|
|a 9780203866337 (electronic bk.)
|
| 035 |
|
|
|a (MiAaPQ)EBC481013
|
| 035 |
|
|
|a (Au-PeEL)EBL481013
|
| 035 |
|
|
|a (CaPaEBR)ebr10370226
|
| 035 |
|
|
|a (OCoLC)609649551
|
| 040 |
|
|
|a MiAaPQ
|c MiAaPQ
|d MiAaPQ
|
| 050 |
|
4 |
|a HD49
|b .E44 2010
|
| 100 |
1 |
|
|a Elliott, Dominic,
|d 1963-
|
| 245 |
1 |
0 |
|a Business continuity management
|h [electronic resource] :
|b a crisis management approach /
|c Dominic Elliott, Ethne Swartz, and Brahim Herbane.
|
| 250 |
|
|
|a 2nd ed.
|
| 260 |
|
|
|a New York, NY :
|b Routledge,
|c 2010.
|
| 300 |
|
|
|a viii, 338 p.
|
| 533 |
|
|
|a Electronic reproduction. Ann Arbor, MI : ProQuest, 2015. Available via World Wide Web. Access may be limited to ProQuest affiliated libraries.
|
| 650 |
|
0 |
|a Crisis management.
|
| 650 |
|
0 |
|a Emergency management.
|
| 650 |
|
0 |
|a Business planning.
|
| 655 |
|
4 |
|a Electronic books.
|
| 700 |
1 |
|
|a Swartz, Ethne,
|d 1961-
|
| 700 |
1 |
|
|a Herbane, Brahim,
|d 1969-
|
| 710 |
2 |
|
|a ProQuest (Firm)
|
| 856 |
4 |
0 |
|u https://ebookcentral.proquest.com/lib/matrademy/detail.action?docID=481013
|z Click to View
|